| 000 | 01194nam2a22002531 4500 | ||
|---|---|---|---|
| 001 | rc\3766675 | ||
| 005 | 20250530042903.0 | ||
| 035 | _a(NLR Aleph) 007218094 | ||
| 090 |
_a7688922 _c7688922 |
||
| 100 | _a20120127d1975 |||y0rusy50 ca | ||
| 101 | 0 | _arus | |
| 102 | _aRU | ||
| 105 | _ay z ||||| | ||
| 200 | 1 | _aБиохимические автоматы | |
| 210 |
_d1975 _aБ. м. |
||
| 215 | _a48 с. | ||
| 225 | 1 |
_a... _vВып. 5 |
|
| 320 | _aБиблиогр.: с. 45-48 | ||
| 461 | 0 |
_1001rc\2586162 _12001#$vЧ. 1 _95739829 _aВКП(б). Тверской губернский комитет _cТверь _d1929 _fТверск. горсовет... _nгостип. им. К. Маркса _p105 с. _tПрактические дополнения избирателей к наказу Губкома В.К.П.(б), Губисполкома и Губпрофсовета для включения в план работы Горсовета по городе Твери на 1928-29 год и для включения в проект бюджета на 1929-30 год _vЧ. 1 |
|
| 801 | 0 |
_aRU _bNLR _gpsbo |
|
| 801 | 1 |
_aRU _bELAR _2rusmarc |
|
| 852 |
_aNLR _jП16/1192 |
||
| 942 | _cBOOK | ||
| 980 | _aNB | ||